What every woman wants in a man. (Record no. 14818)

000 -LEADER
fixed length control field 00783nam a2200229 a 4500
001 - CONTROL NUMBER
control field :::00012652$&:&@@
003 - CONTROL NUMBER IDENTIFIER
control field OkBaRHE
005 - DATE AND TIME OF LATEST TRANSACTION
control field 20000607103421.0
008 - FIXED-LENGTH DATA ELEMENTS--GENERAL INFORMATION
fixed length control field s1981 j 000 0 eng u
040 ## - CATALOGING SOURCE
Transcribing agency
100 1# - MAIN ENTRY--PERSONAL NAME
Personal name Fiasconaro, A. L.
245 10 - TITLE STATEMENT
Title What every woman wants in a man.
260 ## - PUBLICATION, DISTRIBUTION, ETC. (IMPRINT)
Place of publication, distribution, etc Tulsa, OK., :
Name of publisher, distributor, etc Harrison House
Date of publication, distribution, etc c1981
300 ## - PHYSICAL DESCRIPTION
Extent 89 p. ;
Dimensions 18 cm.
650 ## - SUBJECT ADDED ENTRY--TOPICAL TERM
Topical term or geographic name as entry element Marriage
650 ## - SUBJECT ADDED ENTRY--TOPICAL TERM
Topical term or geographic name as entry element Women
650 ## - SUBJECT ADDED ENTRY--TOPICAL TERM
Topical term or geographic name as entry element Women
General subdivision Psychology
942 ## - ADDED ENTRY ELEMENTS (KOHA)
Source of classification or shelving scheme
Koha item type Books
Copies
Shelving location Date last seen Barcode Source of classification or shelving scheme Not for loan Price effective from Damaged status Full call number Date acquired Koha item type Copy number Permanent Location Lost status Withdrawn status
General Stacks2010-04-1412652  2010-04-14 HQ 1206 .F52010-04-14Books1RHEMA Bible Training College  
General Stacks2010-04-1415209  2010-04-14 HQ 1206 .F52010-04-14Books2RHEMA Bible Training College  
General Stacks2010-04-1415210  2010-04-14 HQ 1206 .F52010-04-14Books3RHEMA Bible Training College